[Event "Tampere Elo Taraus op"]
[Site "Tampere"]
[Date "1997.??.??"]
[Round "5"]
[White "Nokso Koivisto, Antti"]
[Black "Pyhala, Antti"]
[Result "1-0"]
[WhiteElo "2215"]
[BlackElo "2315"]
[PlyCount "97"]
[EventDate "1997.??.??"]
[EventType "swiss"]
[EventRounds "7"]
[EventCountry "FIN"]
[SourceTitle "EXT 1999"]
[Source "ChessBase"]
[SourceDate "1998.11.16"]
[SourceVersion "1"]
[SourceVersionDate "1998.11.16"]
[SourceQuality "1"]

1. e4 c5 2. Nf3 d6 3. d4 cxd4 4. Nxd4 Nf6 5. Nc3 g6 6. Be2 Bg7 7. 0-0 0-0 8. Bg5 Nc6 9. Nb3 b6 10. Re1 Bb7 11. Bf1 a5 12. a4 Nb4 13. Qe2 Rc8 14. f3 Nd7 15. Qd2 Ne5 16. Rad1 f6 17. Be3 f5 18. Nd4 fxe4 19. Ne6 Qd7 20. Nxf8 Rxf8 21. fxe4 Ng4 22. Bc4+ Kh8 23. Rf1 Rxf1+ 24. Rxf1 Nxc2 25. Bg5 Nb4 26. Qf4 Qc8 27. Be2 h5 28. Bxg4 hxg4 29. Bxe7 Qc5+ 30. Kh1 Nd3 31. Qg3 Ne5 32. Qh4+ Kg8 33. Bf6 Qc4 34. Ra1 Bf8 35. Qh8+ Kf7 36. Bxe5 dxe5 37. Qxe5 Kg8 38. Nd5 Ba8 39. Nf6+ Kf7 40. Nd5 Kg8 41. Qe6+ Kh8 42. Qe8 Bxd5 43. Qxf8+ Bg8 44. Qh6+ Bh7 45. Rd1 Qc8 46. Rf1 Kg8 47. e5 Qc5 48. e6 Qd6 49. Qf4 1-0

[Event "Lahti We LahS I op"]
[Site "Lahti"]
[Date "1997.??.??"]
[Round "4"]
[White "Seeman, Tarvo"]
[Black "Pyhala, Antti"]
[Result "1-0"]
[WhiteElo "2355"]
[BlackElo "2315"]
[PlyCount "171"]
[EventDate "1997.??.??"]
[EventType "swiss"]
[EventRounds "5"]
[EventCountry "FIN"]
[SourceTitle "EXT 1999"]
[Source "ChessBase"]
[SourceDate "1998.11.16"]
[SourceVersion "1"]
[SourceVersionDate "1998.11.16"]
[SourceQuality "1"]

1. e4 g6 2. d4 d6 3. Nc3 c6 4. g3 Bg7 5. Bg2 Nf6 6. Nge2 e5 7. 0-0 Nbd7 8. h3 0-0 9. a4 a5 10. Be3 Qe7 11. Qd2 exd4 12. Bxd4 Nc5 13. f3 b6 14. Rfe1 Re8 15. Bf2 Ba6 16. Nd4 Qc7 17. f4 Bb7 18. g4 h6 19. Rad1 Rad8 20. Nb3 Bc8 21. Nd4 Bb7 22. Bg3 Nfd7 23. Qf2 Ne6 24. Nxe6 fxe6 25. f5 Ne5 26. Bf4 Rf8 27. Qg3 Qe7 28. h4 Kh7 29. fxg6+ Kxg6 30. Ne2 Bf6 31. g5 hxg5 32. Rf1 g4 33. Bxe5 dxe5 34. Qxg4+ Kh6 35. Rxd8 Qxd8 36. Qxe6 Ba6 37. c4 Kg7 38. Qg4+ Kh8 39. Qh5+ Kg8 40. b3 Bg7 41. Rxf8+ Qxf8 42. Bh3 Bc8 43. Bxc8 Qxc8 44. Ng3 Qd7 45. Nf5 Bf8 46. Qg6+ Kh8 47. Qf6+ Kg8 48. Qxe5 Qd1+ 49. Kg2 Qc2+ 50. Kh3 Qxb3+ 51. Qg3+ Qxg3+ 52. Kxg3 b5 53. cxb5 cxb5 54. axb5 Bc5 55. Kf4 a4 56. Ne3 Bxe3+ 57. Kxe3 a3 58. b6 a2 59. b7 a1Q 60. b8Q+ Kf7 61. Qf4+ Ke8 62. Qb8+ Kf7 63. Qc7+ Ke8 64. Qc6+ Ke7 65. Qc5+ Ke8 66. Qb5+ Ke7 67. Qg5+ Ke8 68. Kf4 Qf1+ 69. Kg4 Qe2+ 70. Kf5 Qf3+ 71. Ke5 Qc3+ 72. Kf4 Qc1+ 73. Kf5 Qc8+ 74. Kf4 Qc1+ 75. Kf3 Qf1+ 76. Kg4 Qe2+ 77. Kf5 Qf3+ 78. Qf4 Qh5+ 79. Ke6 Qg6+ 80. Kd5 Qg8+ 81. Kd4 Qg1+ 82. Ke5 Qc5+ 83. Kf6 Qd4+ 84. Kg5 Qg7+ 85. Kh5 Qh7+ 86. Kg4 1-0

[Event "FIN-ch"]
[Site "Helsinki"]
[Date "1997.??.??"]
[Round "3"]
[White "Vaatainen, Timo"]
[Black "Pyhala, Antti"]
[Result "1/2-1/2"]
[WhiteElo "2245"]
[BlackElo "2315"]
[PlyCount "120"]
[EventDate "1997.??.??"]
[EventType "swiss"]
[EventRounds "9"]
[EventCountry "FIN"]
[SourceTitle "EXT 1998"]
[Source "ChessBase"]
[SourceDate "1997.11.17"]
[SourceVersion "1"]
[SourceVersionDate "1997.11.17"]
[SourceQuality "1"]

1. e4 c5 2. Nf3 d6 3. Bb5+ Bd7 4. Bxd7+ Nxd7 5. 0-0 Ngf6 6. Re1 e6 7. d3 Be7 8. a4 0-0 9. c3 Rc8 10. Bg5 h6 11. Be3 Ng4 12. d4 cxd4 13. cxd4 d5 14. exd5 exd5 15. Nc3 Nb6 16. Ne5 Nf6 17. a5 Nc4 18. a6 b6 19. Nb5 Qe8 20. Qb3 Nxe5 21. dxe5 Ng4 22. Nxa7 Rc4 23. Rec1 Qd7 24. Rxc4 dxc4 25. Qd1 Qe6 26. Nb5 Nxe3 27. fxe3 Qxe5 28. a7 Qxb5 29. a8Q Rxa8 30. Rxa8+ Kh7 31. Qf3 f5 32. g4 Bf6 33. Rc8 Bxb2 34. gxf5 Bf6 35. Qg4 Qb1+ 36. Kf2 Bg5 37. Qxc4 Qxf5+ 38. Ke2 Qe5 39. Qg8+ Kg6 40. Rc6+ Kh5 41. Qe6 Qxh2+ 42. Kd3 b5 43. Qg6+ Kh4 44. Qe4+ Kg3 45. Qe5+ Kh3 46. Qf5+ Kh4 47. Qxb5 Qh1 48. Rc4+ Kh5 49. Qe8+ g6 50. Qf7 Qd1+ 51. Ke4 Qh1+ 52. Ke5 Qa1+ 53. Ke4 Qa8+ 54. Kd3 Qa3+ 55. Rc3 Qd6+ 56. Ke2 Bf6 57. Rc4 Qh2+ 58. Kd3 Qd6+ 59. Ke2 Qh2+ 60. Kd3 Qd6+ 1/2-1/2

[Event "Tampere Elo Taraus op"]
[Site "Tampere"]
[Date "1997.??.??"]
[Round "6"]
[White "Vark, Liina"]
[Black "Pyhala, Antti"]
[Result "0-1"]
[WhiteElo "2040"]
[BlackElo "2315"]
[PlyCount "62"]
[EventDate "1997.??.??"]
[EventType "swiss"]
[EventRounds "7"]
[EventCountry "FIN"]
[SourceTitle "EXT 1999"]
[Source "ChessBase"]
[SourceDate "1998.11.16"]
[SourceVersion "1"]
[SourceVersionDate "1998.11.16"]
[SourceQuality "1"]

1. d4 e6 2. c4 b6 3. Nc3 Bb4 4. Qc2 f5 5. a3 Bxc3+ 6. Qxc3 Nf6 7. Nf3 0-0 8. g3 Bb7 9. Bg2 d6 10. 0-0 Qe7 11. Bf4 Nbd7 12. Bg5 h6 13. Bxf6 Qxf6 14. Ne5 dxe5 15. dxe5 Qxe5 16. Qxe5 Nxe5 17. Bxb7 Rad8 18. b3 Rd2 19. Rfe1 Rfd8 20. Kf1 g5 21. Rac1 c5 22. Rc3 Kf7 23. b4 g4 24. Ba6 Rb2 25. bxc5 bxc5 26. Bb5 Rdd2 27. Ba4 Nf3 28. exf3 Rxf2+ 29. Kg1 gxf3 30. Ree3 Rg2+ 31. Kf1 Rxh2 0-1

[Event "Helsinki sim"]
[Site "Helsinki"]
[Date "1996.??.??"]
[Round "2"]
[White "Karpov, Anatoly"]
[Black "Pyhala, Antti"]
[Result "1/2-1/2"]
[WhiteElo "2770"]
[BlackElo "2330"]
[PlyCount "88"]
[EventDate "1996.??.??"]
[EventType "simul"]
[EventRounds "1"]
[EventCountry "FIN"]
[SourceTitle "EXT 1998"]
[Source "ChessBase"]
[SourceDate "1997.11.17"]
[SourceVersion "1"]
[SourceVersionDate "1997.11.17"]
[SourceQuality "1"]

1. d4 d5 2. c4 dxc4 3. Nf3 a6 4. e3 Bg4 5. Bxc4 e6 6. 0-0 Nc6 7. h3 Bh5 8. Be2 Bd6 9. b3 Qe7 10. Bb2 Nf6 11. Nbd2 e5 12. Nc4 e4 13. Nfe5 Bxe2 14. Qxe2 Nb4 15. Ba3 Nbd5 16. Nxd6+ cxd6 17. Nc4 Rd8 18. Rac1 0-0 19. Na5 Rc8 20. Qd2 Rfd8 21. Rxc8 Rxc8 22. Rc1 Rd8 23. Qd1 h5 24. Rc2 Qd7 25. Nc4 b5 26. Na5 b4 27. Bb2 Rc8 28. Qc1 Rxc2 29. Qxc2 Qc7 30. Qxc7 Nxc7 31. Nc6 Nfd5 32. a3 bxa3 33. Bxa3 Nb5 34. Bc1 f5 35. Bd2 Kf7 36. Kf1 Ke6 37. Ke2 g5 38. f3 g4 39. fxe4 fxe4 40. hxg4 hxg4 41. Kf2 Kf5 42. Nb8 Nbc7 43. Ba5 Kg5 44. Ke2 g3 1/2-1/2

[Event "FIN-chT 9596"]
[Site "Finland"]
[Date "1996.??.??"]
[Round "4"]
[White "Kekki, Petri"]
[Black "Pyhala, Antti"]
[Result "1/2-1/2"]
[WhiteElo "2350"]
[BlackElo "2330"]
[PlyCount "47"]
[EventDate "1995.??.??"]
[EventType "team"]
[EventRounds "11"]
[EventCountry "FIN"]
[SourceTitle "EXT 1998"]
[Source "ChessBase"]
[SourceDate "1997.11.17"]
[SourceVersion "1"]
[SourceVersionDate "1997.11.17"]
[SourceQuality "1"]

1. d4 Nf6 2. c4 g6 3. Nc3 Bg7 4. e4 d6 5. f4 0-0 6. Nf3 c5 7. d5 e6 8. Be2 exd5 9. cxd5 Re8 10. Nd2 c4 11. e5 dxe5 12. fxe5 Nxd5 13. Nxc4 Nxc3 14. Qxd8 Rxd8 15. bxc3 Nc6 16. Bf4 Be6 17. 0-0 b5 18. Nd6 Nxe5 19. Nxb5 Bc4 20. Bxc4 Nxc4 21. Rad1 a5 22. Bc7 Rxd1 23. Rxd1 a4 24. Kf2 1/2-1/2

[Event "Heart of Finland op 06th"]
[Site "Jyvaskyla"]
[Date "1996.??.??"]
[Round "6"]
[White "Kochyev, Alexander"]
[Black "Pyhala, Antti"]
[Result "1-0"]
[WhiteElo "2430"]
[BlackElo "2330"]
[PlyCount "93"]
[EventDate "1996.07.??"]
[EventType "swiss"]
[EventRounds "9"]
[EventCountry "FIN"]
[SourceTitle "EXT 1998"]
[Source "ChessBase"]
[SourceDate "1997.11.17"]
[SourceVersion "1"]
[SourceVersionDate "1997.11.17"]
[SourceQuality "1"]

1. Nf3 d6 2. d4 g6 3. g3 Bg7 4. Bg2 Nd7 5. 0-0 e5 6. c4 Ne7 7. Nc3 0-0 8. e4 exd4 9. Nxd4 Nc6 10. Nde2 Nb6 11. b3 a5 12. Bb2 a4 13. Rb1 a3 14. Ba1 Nb4 15. Qd2 Bg4 16. f3 Be6 17. Nd5 N4xd5 18. cxd5 Bxa1 19. Rxa1 Bd7 20. Nd4 c5 21. dxc6 bxc6 22. Rac1 c5 23. Ne2 Nc8 24. Rfd1 Qa5 25. Nc3 Bc6 26. h4 Ra7 27. Kh2 f5 28. f4 Qb4 29. exf5 Bxg2 30. Qxg2 gxf5 31. Nd5 Qb7 32. Ne3 Qg7 33. Rd5 Raf7 34. Rcd1 Rf6 35. Nc4 Kh8 36. Nxd6 Ne7 37. Rxc5 Qg4 38. Re1 Ng6 39. Ne8 Rb6 40. Qe2 Qxe2+ 41. Rxe2 Rg8 42. Rxf5 Rc6 43. h5 Rf8 44. Rg5 Nxf4 45. gxf4 Rxf4 46. Nd6 h6 47. Rf5 1-0

[Event "Helsinki We SKF op"]
[Site "Helsinki"]
[Date "1996.??.??"]
[Round "4"]
[White "Kochyev, Alexander"]
[Black "Pyhala, Antti"]
[Result "1/2-1/2"]
[WhiteElo "2430"]
[BlackElo "2330"]
[PlyCount "88"]
[EventDate "1996.??.??"]
[EventType "swiss"]
[EventRounds "5"]
[EventCountry "FIN"]
[SourceTitle "EXT 1999"]
[Source "ChessBase"]
[SourceDate "1998.11.16"]
[SourceVersion "1"]
[SourceVersionDate "1998.11.16"]
[SourceQuality "1"]

1. d4 g6 2. Nf3 Bg7 3. e4 d6 4. c3 Nf6 5. Bd3 0-0 6. 0-0 e5 7. dxe5 dxe5 8. Nxe5 Re8 9. Nf3 Nc6 10. Qc2 Bg4 11. Nbd2 Qd7 12. Re1 Nh5 13. Bf1 Nf4 14. Re3 Bh6 15. Nb3 f5 16. Nfd4 fxe4 17. Nxc6 Qxc6 18. Nd4 Qd5 19. Rg3 Bd7 20. Be3 c5 21. Ne2 Nxe2+ 22. Qxe2 Bf8 23. Rd1 Qf7 24. h4 Be6 25. h5 Rad8 26. hxg6 hxg6 27. Rxd8 Rxd8 28. Bg5 Re8 29. b3 Bd6 30. Re3 Bd5 31. Qg4 Qf5 32. Qh4 Rf8 33. Rh3 Kf7 34. Qh7+ Ke8 35. Bb5+ Bc6 36. Bxc6+ bxc6 37. Be3 Rf7 38. Qg8+ Ke7 39. Rh7 Rxh7 40. Qxh7+ Ke6 41. Qg8+ Kd7 42. g3 Qg4 43. Qf7+ Be7 44. Kg2 a6 1/2-1/2

[Event "Lahti We LahS X op"]
[Site "Lahti"]
[Date "1996.??.??"]
[Round "3"]
[White "Maidla, Vallo"]
[Black "Pyhala, Antti"]
[Result "1/2-1/2"]
[WhiteElo "2370"]
[BlackElo "2330"]
[PlyCount "116"]
[EventDate "1996.??.??"]
[EventType "swiss"]
[EventRounds "5"]
[EventCountry "FIN"]
[SourceTitle "EXT 1999"]
[Source "ChessBase"]
[SourceDate "1998.11.16"]
[SourceVersion "1"]
[SourceVersionDate "1998.11.16"]
[SourceQuality "1"]

1. e4 g6 2. d4 d6 3. Nc3 c6 4. Be3 Bg7 5. Qd2 b5 6. a3 a6 7. h3 Nd7 8. Rd1 Nb6 9. b3 Nf6 10. Nf3 0-0 11. Bh6 Qc7 12. Bxg7 Kxg7 13. Be2 e5 14. dxe5 dxe5 15. Qd6 Qxd6 16. Rxd6 Nbd7 17. 0-0 c5 18. Rfd1 Ra7 19. Rc6 Re8 20. Bxb5 axb5 21. Nxb5 Ra6 22. Rxa6 Bxa6 23. Nc7 Rc8 24. Nxa6 Rc6 25. Nxc5 Rxc5 26. c4 Rc7 27. Nd2 Nc5 28. b4 Ne6 29. Rc1 Nd4 30. Kf1 Ra7 31. Rc3 Kf8 32. c5 Nb5 33. Rf3 Ke7 34. Nc4 Nxe4 35. Re3 f5 36. f3 Ng3+ 37. Kf2 f4 38. Rxe5+ Kf6 39. Rd5 Nxa3 40. Rd6+ Kf5 41. Rd5+ Kf6 42. Rd6+ Kg5 43. Nxa3 Rxa3 44. Ke1 Rb3 45. Rb6 Nf5 46. c6 Rb2 47. b5 Rc2 48. Rb7 h5 49. Rd7 Ne3 50. c7 Nxg2+ 51. Kd1 Ne3+ 52. Ke1 Kh4 53. b6 Kg3 54. Rd2 Rxd2 55. c8Q Rc2 56. b7 Ng2+ 57. Kd1 Ne3+ 58. Ke1 Ng2+ 1/2-1/2

[Event "FIN-chT 9596"]
[Site "Finland"]
[Date "1996.??.??"]
[Round "2"]
[White "Manninen, Marko"]
[Black "Pyhala, Antti"]
[Result "1/2-1/2"]
[WhiteElo "2380"]
[BlackElo "2330"]
[PlyCount "76"]
[EventDate "1995.??.??"]
[EventType "team"]
[EventRounds "11"]
[EventCountry "FIN"]
[SourceTitle "EXT 1998"]
[Source "ChessBase"]
[SourceDate "1997.11.17"]
[SourceVersion "1"]
[SourceVersionDate "1997.11.17"]
[SourceQuality "1"]

1. d4 Nf6 2. c4 a6 3. Nc3 c5 4. d5 b5 5. Qc2 e6 6. e4 b4 7. Nd1 d6 8. Bd3 g6 9. f4 Bg7 10. Nf3 0-0 11. 0-0 Nbd7 12. Nf2 exd5 13. exd5 Nb6 14. f5 Ra7 15. Rb1 a5 16. Bg5 h6 17. Bxf6 Qxf6 18. Ng4 Qd8 19. Qc1 g5 20. h4 h5 21. f6 hxg4 22. fxg7 Kxg7 23. Nxg5 Qe7 24. Qf4 Qe5 25. Rbe1 Qxf4 26. Rxf4 Na4 27. Re2 Rh8 28. g3 Rh6 29. b3 Nc3 30. Re8 Rc7 31. Rf2 Rf6 32. Rxf6 Kxf6 33. Ne4+ Nxe4 34. Rxe4 Ra7 35. Rf4+ Ke5 36. Re4+ Kf6 37. Rf4+ Ke5 38. Re4+ Kf6 1/2-1/2

[Event "Helsinki We PasVS op"]
[Site "Helsinki"]
[Date "1996.??.??"]
[Round "?"]
[White "Manninen, Marko"]
[Black "Pyhala, Antti"]
[Result "1-0"]
[WhiteElo "2380"]
[BlackElo "2330"]
[PlyCount "53"]
[EventDate "1996.??.??"]
[EventType "swiss"]
[EventRounds "5"]
[EventCountry "FIN"]
[SourceTitle "EXT 1998"]
[Source "ChessBase"]
[SourceDate "1997.11.17"]
[SourceVersion "1"]
[SourceVersionDate "1997.11.17"]
[SourceQuality "1"]

1. d4 g6 2. g3 Bg7 3. Bg2 d6 4. Nf3 Nd7 5. 0-0 e5 6. c4 Ne7 7. Nc3 0-0 8. e4 exd4 9. Nxd4 Nc6 10. Nxc6 bxc6 11. Qc2 Ne5 12. b3 Qf6 13. Bb2 Nf3+ 14. Kh1 Bg4 15. h3 Qg5 16. Ne2 Bxb2 17. Qxb2 Qh6 18. Qc1 g5 19. Ng1 Nd4 20. f4 Bxh3 21. Bxh3 g4 22. Qd1 f5 23. Qxd4 Rae8 24. Rac1 gxh3 25. exf5 h2 26. Nf3 Qh3 27. Qf2 1-0

[Event "Espoo op"]
[Site "Espoo"]
[Date "1996.??.??"]
[Round "?"]
[White "Penttinen, Jarkko"]
[Black "Pyhala, Antti"]
[Result "0-1"]
[WhiteElo "2265"]
[BlackElo "2330"]
[PlyCount "82"]
[EventDate "1996.??.??"]
[EventType "swiss"]
[EventRounds "5"]
[EventCountry "FIN"]
[SourceTitle "EXT 1998"]
[Source "ChessBase"]
[SourceDate "1997.11.17"]
[SourceVersion "1"]
[SourceVersionDate "1997.11.17"]
[SourceQuality "1"]

1. e4 e5 2. Nf3 Nc6 3. c3 f5 4. d4 fxe4 5. Nxe5 d6 6. Qh5+ g6 7. Nxg6 Nf6 8. Qh4 Rg8 9. Nxf8 Rxf8 10. Bh6 Rf7 11. Nd2 Bf5 12. Bb5 a6 13. Bc4 b5 14. Bb3 d5 15. Nf1 Ne7 16. Bg5 Ng6 17. Qg3 Qd7 18. h3 0-0-0 19. Qe3 Rdf8 20. a4 Kb7 21. Qe2 h6 22. Bxh6 Rh8 23. Bg5 Nh5 24. Qd2 Be6 25. axb5 Nhf4 26. bxa6+ Ka7 27. Bc2 Nxg2+ 28. Kd1 Rhf8 29. Be3 Nxe3+ 30. Nxe3 Rxf2 31. Qe1 Qb5 32. b4 R8f3 33. Ra5 Qd7 34. Kc1 Nf4 35. Nd1 e3 36. Nxf2 exf2 37. Qd1 Rxc3 38. Rf1 Bf5 39. Ra2 Qb5 40. Rb2 Nd3+ 41. Kd2 Nxb2 0-1

[Event "Lahti op"]
[Site "Lahti"]
[Date "1996.??.??"]
[Round "4"]
[White "Pyhala, Antti"]
[Black "Hermlin, Aarne"]
[Result "1-0"]
[WhiteElo "2330"]
[BlackElo "2295"]
[PlyCount "80"]
[EventDate "1996.??.??"]
[EventType "swiss"]
[EventRounds "5"]
[EventCountry "FIN"]
[SourceTitle "EXT 2000"]
[Source "ChessBase"]
[SourceDate "1999.11.16"]
[SourceVersion "1"]
[SourceVersionDate "1999.11.16"]
[SourceQuality "1"]

1. e4 e5 2. Nf3 Nc6 3. Bc4 Nf6 4. d3 Bc5 5. c3 0-0 6. b4 Bb6 7. a4 a6 8. a5 Ba7 9. 0-0 d6 10. Re1 Be6 11. Nbd2 Ng4 12. Re2 Kh8 13. h3 Nh6 14. Qb3 Qd7 15. Kh2 Rae8 16. b5 axb5 17. Qxb5 Nd8 18. Qxd7 Bxd7 19. Nf1 f5 20. Rb2 fxe4 21. dxe4 Bc6 22. Ng3 Ne6 23. a6 bxa6 24. Rxa6 Bb6 25. Be3 Bxe3 26. Rxc6 Bb6 27. Rbxb6 cxb6 28. Rxd6 Nc5 29. Rxb6 Na4 30. Rb3 Rc8 31. Nxe5 Rxf2 32. Nf5 Nc5 33. Rb6 Nxe4 34. Rxh6 Rxc4 35. Re6 Nf6 36. Ne7 Ng4+ 37. hxg4 Rxc3 38. Nf5 h6 39. Re8+ Kh7 40. Re7 Kh8 1-0

[Event "FIN-ch"]
[Site "Helsinki"]
[Date "1996.??.??"]
[Round "2"]
[White "Pyhala, Antti"]
[Black "Kekki, Petri"]
[Result "1-0"]
[WhiteElo "2330"]
[BlackElo "2350"]
[PlyCount "43"]
[EventDate "1996.??.??"]
[EventType "swiss"]
[EventRounds "9"]
[EventCountry "FIN"]
[SourceTitle "EXT 1998"]
[Source "ChessBase"]
[SourceDate "1997.11.17"]
[SourceVersion "1"]
[SourceVersionDate "1997.11.17"]
[SourceQuality "1"]

1. d4 e6 2. Nf3 d5 3. c4 dxc4 4. e3 Nf6 5. Bxc4 a6 6. a4 c5 7. 0-0 Nc6 8. Qe2 Qb6 9. Rd1 Be7 10. Nc3 0-0 11. b3 Rd8 12. Bb2 cxd4 13. exd4 Na5 14. Bd3 Bd7 15. d5 Bf8 16. Ng5 Nxb3 17. Nce4 Nxe4 18. Bxe4 f5 19. Qh5 h6 20. Qf7+ Kh8 21. dxe6 Nxa1 22. Qxf5 1-0

[Event "Helsinki We SKF op"]
[Site "Helsinki"]
[Date "1996.??.??"]
[Round "2"]
[White "Pyhala, Antti"]
[Black "Kiltti, Jyrki"]
[Result "1-0"]
[WhiteElo "2330"]
[BlackElo "2235"]
[PlyCount "87"]
[EventDate "1996.??.??"]
[EventType "swiss"]
[EventRounds "5"]
[EventCountry "FIN"]
[SourceTitle "EXT 1999"]
[Source "ChessBase"]
[SourceDate "1998.11.16"]
[SourceVersion "1"]
[SourceVersionDate "1998.11.16"]
[SourceQuality "1"]

1. e4 e5 2. Nf3 Nc6 3. Bc4 Nf6 4. d3 Bc5 5. c3 0-0 6. b4 Bb6 7. a4 Ng4 8. 0-0 d6 9. a5 Bxf2+ 10. Rxf2 Nxf2 11. Kxf2 Kh8 12. Ng5 Be6 13. Qh5 h6 14. Kg1 Bxc4 15. dxc4 Qe7 16. g4 Qf6 17. Ra2 Qg6 18. Qxg6 fxg6 19. Nh3 g5 20. Rf2 Ne7 21. Na3 c6 22. Be3 Ng6 23. c5 d5 24. exd5 cxd5 25. Nb5 Rxf2 26. Kxf2 a6 27. Nd6 Rb8 28. Ng1 Kg8 29. Nf3 Kf8 30. b5 Ke7 31. b6 Kd7 32. Ne1 Ne7 33. Ke2 Nc6 34. Nd3 Nxa5 35. Nxe5+ Ke6 36. Bd4 Nc6 37. Nxc6 bxc6 38. Kd3 g6 39. Bf2 h5 40. h3 Rf8 41. Be3 Kd7 42. c4 dxc4+ 43. Nxc4 Ke6 44. Ke4 1-0

[Event "Helsinki We op"]
[Site "Helsinki"]
[Date "1996.??.??"]
[Round "2"]
[White "Pyhala, Antti"]
[Black "Kiltti, Jyrki"]
[Result "1/2-1/2"]
[WhiteElo "2330"]
[BlackElo "2235"]
[PlyCount "118"]
[EventDate "1996.??.??"]
[EventType "swiss"]
[EventRounds "5"]
[EventCountry "FIN"]
[SourceTitle "EXT 1998"]
[Source "ChessBase"]
[SourceDate "1997.11.17"]
[SourceVersion "1"]
[SourceVersionDate "1997.11.17"]
[SourceQuality "1"]

1. d4 Nf6 2. Nf3 g6 3. Bg5 Bg7 4. Nbd2 d5 5. e3 0-0 6. Be2 c6 7. c3 Bg4 8. h3 Bxf3 9. Bxf3 Nbd7 10. 0-0 e5 11. b4 e4 12. Be2 a5 13. a4 Re8 14. Qb3 axb4 15. cxb4 Nf8 16. Rfc1 Ne6 17. Bxf6 Bxf6 18. Qc3 Rc8 19. Nb3 Qd6 20. a5 Bd8 21. a6 Bc7 22. g3 Ng5 23. Bg4 f5 24. h4 Ne6 25. Bh3 bxa6 26. Rxa6 Rb8 27. Rxc6 Qxb4 28. Qxb4 Rxb4 29. Nc5 Nxc5 30. R6xc5 Bb6 31. Rxd5 Kf7 32. h5 Rd8 33. Rxd8 Bxd8 34. Rc6 Rb6 35. Rc8 Ke7 36. Ra8 Rb7 37. Ra6 Kf7 38. Bf1 Bg5 39. d5 gxh5 40. d6 Rd7 41. Bc4+ Kf6 42. Bb5 Rd8 43. d7+ Kg7 44. Re6 h4 45. g4 fxg4 46. Rxe4 h5 47. Re8 Kf7 48. e4 Be7 49. Bc4+ Kf6 50. e5+ Kxe5 51. Rxe7+ Kd6 52. Rh7 Rxd7 53. Rxd7+ Kxd7 54. Bf7 g3 55. f4 h3 56. Bxh5 h2+ 57. Kg2 Ke6 58. Bg4+ Kf6 59. Bf3 h1Q+ 1/2-1/2

[Event "Espoo op"]
[Site "Espoo"]
[Date "1996.??.??"]
[Round "?"]
[White "Pyhala, Antti"]
[Black "Lampen, Timo"]
[Result "1/2-1/2"]
[WhiteElo "2330"]
[BlackElo "2280"]
[PlyCount "124"]
[EventDate "1996.??.??"]
[EventType "swiss"]
[EventRounds "5"]
[EventCountry "FIN"]
[SourceTitle "EXT 1998"]
[Source "ChessBase"]
[SourceDate "1997.11.17"]
[SourceVersion "1"]
[SourceVersionDate "1997.11.17"]
[SourceQuality "1"]

1. e4 c5 2. Nf3 d6 3. d4 cxd4 4. Nxd4 Nf6 5. Nc3 a6 6. Bc4 e6 7. a4 Be7 8. 0-0 0-0 9. Be3 b6 10. Qe2 Bb7 11. f3 d5 12. exd5 Nxd5 13. Nxd5 Bxd5 14. Rad1 Bxc4 15. Qxc4 Qc8 16. Qxc8 Rxc8 17. c3 Rc4 18. Rd2 Rxa4 19. b4 Ra3 20. Rc1 Ra7 21. b5 Bc5 22. Kf2 Rd7 23. Ke2 axb5 24. Rcc2 Raa7 25. Nxb5 Bxe3 26. Kxe3 Rxd2 27. Rxd2 Rd7 28. Ra2 Kf8 29. Ra8 Rd8 30. Na3 Ke7 31. Nc4 Nd7 32. Ra7 Kf8 33. f4 f6 34. g4 Nc5 35. Nxb6 Rd3+ 36. Ke2 Rxc3 37. h4 h6 38. Rc7 Ne4 39. Rxc3 Nxc3+ 40. Kd3 Nb5 41. h5 Ke7 42. Ke4 Nd6+ 43. Kf3 Nf7 44. Nc4 e5 45. Ne3 Nd6 46. Nd5+ Ke6 47. Nc7+ Kd7 48. Nd5 Kc6 49. Ne7+ Kc5 50. fxe5 fxe5 51. Ke3 e4 52. Ng6 Kd5 53. Nf4+ Ke5 54. Ng6+ Kd5 55. Nf4+ Ke5 56. Ng6+ Kf6 57. Kf4 Ne8 58. Kxe4 Kg5 59. Kf3 Nf6 60. Ne5 Nxg4 61. Nxg4 Kxh5 62. Kf4 Kg6 1/2-1/2

[Event "FIN-chT 9596"]
[Site "Finland"]
[Date "1996.??.??"]
[Round "1"]
[White "Pyhala, Antti"]
[Black "Maki Uuro, Miika"]
[Result "1-0"]
[WhiteElo "2330"]
[BlackElo "2265"]
[PlyCount "67"]
[EventDate "1995.??.??"]
[EventType "team"]
[EventRounds "11"]
[EventCountry "FIN"]
[SourceTitle "EXT 1998"]
[Source "ChessBase"]
[SourceDate "1997.11.17"]
[SourceVersion "1"]
[SourceVersionDate "1997.11.17"]
[SourceQuality "1"]

1. e4 Nf6 2. e5 Nd5 3. Nc3 Nxc3 4. dxc3 d5 5. c4 c6 6. Nf3 Bg4 7. h3 Bxf3 8. Qxf3 e6 9. Qg3 Nd7 10. Bd2 Qc7 11. f4 Nc5 12. cxd5 Ne4 13. Qb3 Nxd2 14. Kxd2 exd5 15. Re1 0-0-0 16. Be2 Kb8 17. Rhf1 g5 18. fxg5 c5 19. Bh5 c4 20. Qa4 Be7 21. h4 h6 22. Bxf7 hxg5 23. h5 g4 24. Kc1 Rhf8 25. e6 d4 26. Kb1 Rd5 27. Bg6 Rfd8 28. Rf7 b5 29. Qa6 Qg3 30. Ref1 Qxg2 31. Be4 Qxe4 32. Rxe7 R5d7 33. Rxd7 Rxd7 34. Rf8+ 1-0

[Event "Helsinki op"]
[Site "Helsinki"]
[Date "1996.??.??"]
[Round "?"]
[White "Pyhala, Antti"]
[Black "Nei, Mati"]
[Result "0-1"]
[WhiteElo "2325"]
[BlackElo "2300"]
[PlyCount "50"]
[EventDate "1996.??.??"]
[EventType "swiss"]
[EventRounds "5"]
[EventCountry "FIN"]
[SourceTitle "EXT 1997"]
[Source "ChessBase"]
[SourceDate "1996.11.15"]
[SourceVersion "1"]
[SourceVersionDate "1996.11.15"]
[SourceQuality "1"]

1. e4 c6 2. d4 d5 3. exd5 cxd5 4. c4 Nf6 5. Nc3 Be6 6. Nf3 dxc4 7. Ne5 Nc6 8. Nxc6 bxc6 9. Qa4 Rc8 10. Qxa7 g6 11. Bf4 Bg7 12. Be5 0-0 13. Qa4 Qb6 14. Qc2 Bh6 15. f4 Ng4 16. g3 f6 17. Bh3 Bf5 18. Qe2 fxe5 19. dxe5 Rcd8 20. Nd1 Qb4+ 21. Nc3 Bd3 22. a3 Qb6 23. Qd2 Nxe5 24. 0-0-0 Nf3 25. Qg2 Qe3+ 0-1

[Event "Helsinki We G"]
[Site "Helsinki"]
[Date "1996.??.??"]
[Round "5"]
[White "Pyhala, Antti"]
[Black "Paldanius, Pekka"]
[Result "1/2-1/2"]
[WhiteElo "2330"]
[BlackElo "2260"]
[PlyCount "133"]
[EventDate "1996.??.??"]
[EventType "swiss"]
[EventRounds "5"]
[EventCountry "FIN"]
[SourceTitle "EXT 2000"]
[Source "ChessBase"]
[SourceDate "1999.11.16"]
[SourceVersion "1"]
[SourceVersionDate "1999.11.16"]
[SourceQuality "1"]

1. d4 d5 2. c4 e6 3. Nc3 Be7 4. Nf3 Nf6 5. Bg5 h6 6. Bxf6 Bxf6 7. e3 0-0 8. Qc2 Na6 9. Rd1 c5 10. a3 cxd4 11. Nxd4 e5 12. Nb3 d4 13. Ne4 Bf5 14. Bd3 Bxe4 15. Bxe4 Qe7 16. exd4 exd4 17. 0-0 Rad8 18. Rfe1 Qc7 19. g3 b6 20. Nc1 Nc5 21. Bd5 Nb7 22. Qd3 Rfe8 23. b4 Rxe1+ 24. Rxe1 Nd6 25. Nb3 Qd7 26. Nd2 Qf5 27. Ne4 Nxe4 28. Rxe4 g6 29. b5 Kg7 30. g4 Qg5 31. Qg3 Qc1+ 32. Kg2 Qc3 33. Qf4 Qxa3 34. Qc7 Rf8 35. Rf4 Qe7 36. Qxe7 Bxe7 37. Rxd4 Rc8 38. Rf4 Bf6 39. h4 Rc7 40. h5 Re7 41. hxg6 fxg6 42. Rf3 Be5 43. Rd3 Kf6 44. Bf3 Bc7 45. Rd5 Re5 46. Rd4 Re7 47. Bc6 Kg5 48. f3 Be5 49. Rd8 h5 50. gxh5 Kxh5 51. Be4 Kg5 52. Kf2 Kf6 53. Rg8 Rg7 54. Rc8 Re7 55. Rg8 Rg7 56. Rh8 Bf4 57. Ke2 Rd7 58. Rf8+ Rf7 59. Ra8 Re7 60. Kd3 g5 61. Rh8 Ke5 62. Rh6 Rg7 63. Bd5 Re7 64. Rg6 Bc1 65. Rg8 Bf4 66. Rd8 Bc1 67. Be4 1/2-1/2